Podmienky optimálnej menovej oblasti pre ekonomiku SR diplomová práca

Salvato in:
Dettagli Bibliografici
Autore principale: Lazorová, Lucia
Ente Autore: Obchodná fakulta EU. Katedra medzinárodného obchodu
Altri autori: Zábojník, Stanislav, 1984-
Natura: Libro
Lingua:slovacco
Pubblicazione: Bratislava 2014
Tags: Aggiungi Tag
Nessun Tag, puoi essere il primo ad aggiungerne!!

MARC

LEADER 00000nbm a2200000 4500
001 0186294
005 20170201102149.5
041 0 |a slo 
044 |a SK 
245 1 0 |a Podmienky optimálnej menovej oblasti pre ekonomiku SR  |b diplomová práca  |c Lucia Lazorová ; školiteľ: Stanislav Zábojník 
264 1 |a Bratislava  |c 2014 
300 |a 81 s. 
100 1 |a Lazorová, Lucia 
700 1 |a Zábojník, Stanislav, 1984- 
710 2 |a Obchodná fakulta EU. Katedra medzinárodného obchodu